Online
Catalog

Médicos aragoneses ilustres / (Record no. 10785)

MARC details
000 -CABECERA
campo de control de longitud fija 00997cam a2200277 a 4500
001 - NÚMERO DE CONTROL
campo de control 000011059
005 - FECHA Y HORA DE LA ÚLTIMA TRANSACCIÓN
campo de control 20200929162341.0
008 - DATOS DE LONGITUD FIJA--INFORMACIÓN GENERAL
campo de control de longitud fija 840426s1983 sp ac b 000 0cspa d
020 ## - NÚMERO INTERNACIONAL ESTÁNDAR DEL LIBRO
Número Internacional Estándar del Libro 840005329X
035 ## - NÚMERO DE CONTROL DEL SISTEMA
Número de control de sistema (DLC) 84154733
040 ## - FUENTE DE LA CATALOGACIÓN
Centro catalogador/agencia de origen DO-SdBNP
Centro/agencia transcriptor DLC
Centro/agencia modificador DLC
-- BNPHU
082 ## - NÚMERO DE LA CLASIFICACIÓN DECIMAL DEWEY
Número de clasificación 610.924655
Número de documento/Ítem Z93m
049 ## - FONDOS LOCALES (OCLC)
Fondos de biblioteca BNGR
100 1# - ENTRADA PRINCIPAL--NOMBRE DE PERSONA
Nombre de persona Zubiri Vidal, Fernando.
9 (RLIN) 26534
245 10 - MENCIÓN DE TÍTULO
Título Médicos aragoneses ilustres /
Mención de responsabilidad, etc. Fernando Zubiri Vidal ; prólogo Ricardo Horno Liria.
260 ## - PUBLICACIÓN, DISTRIBUCIÓN, ETC.
Lugar de publicación, distribución, etc. Zaragoza :
Nombre del editor, distribuidor, etc. Diputación Provincial,
-- Institución "Fernando el Católico",
Fecha de publicación, distribución, etc. [1983?].
300 ## - DESCRIPCIÓN FÍSICA
Extensión 395 p. :
Otras características físicas il., retrs. ;
Dimensiones 22 cm.
490 1# - MENCIÓN DE SERIE
Mención de serie Temas aragoneses
Designación de volumen o secuencia 45
504 ## - NOTA DE BIBLIOGRAFÍA, ETC.
Nota de bibliografía, etc. Bibliografía (p. 393-395)
650 #4 - PUNTO DE ACCESO ADICIONAL DE MATERIA--TÉRMINO DE MATERIA
Término de materia o nombre geográfico como elemento de entrada Médicos
Subdivisión geográfica España
-- Aragón
Subdivisión general Biografías
9 (RLIN) 26535
650 #4 - PUNTO DE ACCESO ADICIONAL DE MATERIA--TÉRMINO DE MATERIA
Término de materia o nombre geográfico como elemento de entrada Médicos
Subdivisión general Biografías
9 (RLIN) 1119
650 #4 - PUNTO DE ACCESO ADICIONAL DE MATERIA--TÉRMINO DE MATERIA
Término de materia o nombre geográfico como elemento de entrada Médicos españoles
Subdivisión general Biografías
9 (RLIN) 26536
700 1# - PUNTO DE ACCESO ADICIONAL--NOMBRE DE PERSONA
Nombre de persona Horno Liria, Ricardo
Término indicativo de función/relación pról.
9 (RLIN) 26537
830 #0 - PUNTO DE ACCESO ADICIONAL DE SERIE-TÍTULO UNIFORME
Título uniforme Temas aragoneses ;
Designación de volumen o secuencia 45
9 (RLIN) 18579
910 ## - DATOS DE OPCIÓN DEL USUARIO (OCLC)
Datos de opción del usuario Catalogación por copia / LC
Holdings
Estado de retiro Estado de pérdida Restricciones de uso No para préstamo Código de colección Localización permanente Ubicación/localización actual Ubicación en estantería Fecha de adquisición Número de inventario Total de préstamos Signatura topográfica completa Código de barras Fecha visto por última vez Precio válido a partir de Tipo de ítem Koha
    Préstamo interno   Monografías: Libros y Folletos General General En catalogación 13.10.2009 LF1   610.924655 Z93m 11059-10 25.06.2020 25.06.2020 Préstamo interno

Powered by Koha